|
|
|
|
| LEADER |
01375nam a2200313 a 4500 |
| 001 |
1634866 |
| 008 |
090713r20011997enka b 000 0 eng d |
| 010 |
|
|
|a \\\96023374
|
| 020 |
|
|
|a 0521223407 (hardback)
|
| 020 |
|
|
|a 052129455X (paperback)
|
| 020 |
|
|
|a 8175960221
|
| 040 |
|
|
|a DLC
|c DLC
|d DLC
|
| 082 |
0 |
0 |
|a 822.3/3
|2 20
|
| 100 |
1 |
|
|a Shakespeare, William,
|d 1564-1616.
|
| 245 |
1 |
0 |
|a Macbeth /
|c edited by A.R. Braunmuller.
|
| 260 |
|
|
|a Cambridge ;
|a New York, NY, USA :
|b Cambridge University Press ;
|a New Delhi :
|b Foundation Books,
|c 1997 [reprinted 2001]
|
| 300 |
|
|
|a xxii, 280 p. :
|b ill. ;
|c 24 cm.
|
| 490 |
1 |
|
|a New Cambridge Shakespeare
|
| 504 |
|
|
|a Includes bibliographical references (p. 279-280).
|
| 541 |
1 |
|
|e 00014568
|
| 600 |
0 |
0 |
|a Macbeth,
|c King of Scotland,
|d 11th cent.
|v Drama.
|
| 650 |
|
0 |
|a Kings and rulers
|x Succession
|v Drama.
|
| 650 |
|
0 |
|a Regicides
|v Drama.
|
| 651 |
|
0 |
|a Scotland
|v Drama.
|
| 700 |
1 |
|
|a Braunmuller, A. R.,
|d 1945-
|
| 852 |
4 |
|
|a Ayesha Abed Library
|j General shelf
|
| 999 |
|
|
|c 2363
|d 2363
|
| 952 |
|
|
|0 0
|1 4
|2 ddc
|4 0
|6 822_330000000000000_SHA
|7 0
|9 2185
|a BRACUL
|b BRACUL
|c GEN
|d 2009-07-13
|g 90.00
|l 0
|o 822.33 SHA
|p 3010014568
|r 2009-07-13
|t 1
|w 2009-07-13
|y BK
|x Koha Inventory 2020
|
| 952 |
|
|
|0 0
|1 0
|2 ddc
|4 1
|6 822_300000000000000_3_SHA_2001
|7 0
|9 13028
|a BRACUL
|b BRACUL
|c SPS
|d 2010-11-02
|l 3
|m 14
|o 822.33 SHA
|p 3010014569
|r 2017-05-30
|s 2017-05-21
|t 2
|w 2010-11-02
|y BK
|